LEADER 01659nam a2200421 i 4500 001 991000496449707536 008 041020s2003 riua b 000 0 eng d 020 $a0821831674 035 $ab1322959x-39ule_inst 040 $aDip.to Matematica$beng 041 1 $aeng$hfre 082 0 $a515.93$221 084 $aAMS 32G15 084 $aAMS 14-06 084 $aAMS 20F34 084 $aAMS 11R32 084 $aAMS 20F36 084 $aLC QA333.E8613 130 0 $aEspaces de modules des courbes, groupes modulaires et théorie des champs.$lEnglish$91460522 245 10$aModuli spaces of curves, mapping class groups and field theory /$cXavier Buff ... [et al.] ; translated by Leila Schneps 260 $aProvidence, R. I. :$bAmerican Mathematical Society,$cc2003 300 $aviii, 131 p. :$bill. ;$c26 cm 440 0$aSMF/AMS texts and monographs,$x1525-2302 ;$v9 490 1 $aPanoramas et synthèses ;$v7/1999 504 $aIncludes bibliographical references 650 0$aRiemann surfaces 650 0$aTeichmüller spaces 650 0$aModuli theory 650 0$aClass groups (Mathematics) 650 0$aQuantum field theory 700 1 $aBuff, Xavier$eauthor$4http://id.loc.gov/vocabulary/relators/aut$0737635 830 0$aPanoramas et synthèses ;$v7 907 $a.b1322959x$b02-04-14$c19-10-04 912 $a991000496449707536 945 $aLE013 32G BUF11 (2003)$g1$i2013000149219$lle013$op$pE37.86$q-$rl$s- $t0$u0$v0$w0$x0$y.i13955913$z06-12-04 996 $aEspaces de modules des courbes, groupes modulaires et théorie des champs$91460522 997 $aUNISALENTO 998 $ale013$b19-10-04$cm$da $e-$feng$griu$h0$i0 LEADER 04144nam 22006373 450 001 9911006513003321 005 20240416180210.0 010 $a1-68015-169-X 010 $a1-60427-730-0 035 $a(CKB)2550000001041976 035 $a(EBL)3319535 035 $a(SSID)ssj0000859980 035 $a(PQKBManifestationID)11470261 035 $a(PQKBTitleCode)TC0000859980 035 $a(PQKBWorkID)10883998 035 $a(PQKB)10890222 035 $a(MiAaPQ)EBC3319535 035 $a(Au-PeEL)EBL3319535 035 $a(CaPaEBR)ebr10667707 035 $a(OCoLC)929117027 035 $a(MiAaPQ)EBC7069760 035 $a(Au-PeEL)EBL7069760 035 $a(BIP)40017655 035 $a(EXLCZ)992550000001041976 100 $a20231110d2013 uy 0 101 0 $aeng 135 $aur|n|---||||| 181 $ctxt 182 $cc 183 $acr 200 10$aAnalysis of structures on elastic foundations /$fEdward Tsudik 205 $a1st ed. 210 1$aPlantation, FL :$cJ. Ross Publishing,$d[2013] 210 4$d©2013 215 $a1 online resource (599 p.) 300 $aDescription based upon print version of record. 311 08$a1-60427-074-8 320 $aIncludes bibliographical references (pages 578-579) and index. 327 $a""Content""; ""Preface""; ""About the Author""; ""1 Soils and Soil Models""; ""2 Analytical Methods of Analysis of Finite Beams on Winkler Foundation""; ""3 Simplified Analysis of Beams and Frames on Winkler Foundation""; ""4 Analysis of Beams on Elastic Half-Space""; ""5 Analysis of Beams on Elastic Half- Space, Plane Strain Analysis""; ""6 Numerical Analysis of Beams Supported on Elastic Half-Space and Elastic Layer""; ""7 Simplified Analysis of Mat Foundations""; ""8 Numerical Analysis of Mat Foundations""; ""9 Analysis of Circular Plates on Elastic Foundation"" 327 $a""10 Special Structures on Elastic Foundation""""Index"" 330 $aAnalysis of Structures on Elastic Foundations is a practical guide for structural and geotechnical engineers as well as graduate students working in foundation engineering. Included are detailed descriptions of practical methods of analysis of various foundations including simple beams on elastic foundations as well as very complex foundations such as mat foundations supported on piles. Methods for fast and easy hand analysis in addition to methods for exact computer analysis are presented. Most of the methods are developed for three soil models: Winkler foundation, elastic half-spaces, and elastic layers. Numerous numerical examples illustrate the applications of these methods.Key FeaturesOffers simple formulae and tables for analysis of beams free-supported on Winkler foundation and elastic half-spaces as well as applications to the analysis of complex beams and many types of continuous beamsDescribes in detail the little known Method of Initial Parameters that allows analyzing various statically indeterminate systems with elements supported on Winkler foundationCovers a new and very simple method of combined analysis of 2D and 3D frames with individual foundations by modeling the system soil foundation with equivalent line elements and without requiring special softwareIntroduces a series of new methods/algorithms such as analysis of composite beams and plates on elastic foundations, combined analysis of walls with continuous foundations, and combined analysis of walls supported on frames with continuous and individual foundationsWAVTM features editor's notes and corrections - available from the Web Added Value(TM) Download Resource Center at www. jrosspub.com 606 $aSoil-structure interaction 606 $aFoundations 606 $aElastic analysis (Engineering) 615 0$aSoil-structure interaction. 615 0$aFoundations. 615 0$aElastic analysis (Engineering) 676 $a624.1/5 700 $aTsudik$b Edward$f1933-$01822201 801 0$bMiAaPQ 801 1$bMiAaPQ 801 2$bMiAaPQ 906 $aBOOK 912 $a9911006513003321 996 $aAnalysis of structures on elastic foundations$94388321 997 $aUNINA